LEADER 01539nam a2200277 i 4500 001 000000155630 003 CaOOAMICUS 005 20061115000000.0 008 061115s1996 it u000 u ita u 013 $a132984 040 $aSeMil$bita 100 1 $aGiacobini, Franco.$0(OLS)http://semarc/name/7732 240 10$aMemoria emotiva (Es. 26-27), Una lezione di L. Alonso Schoekel (Conclusione, parte 1) [Lato A] ; Una lezione di L. Alonso Schoekel (Conclusione, parte 2), "Troppo buona per essere vera" di G.B. Shaw (Appendice n. 2) [Lato B].$0(OLS)http://semarc/title/227974 245 10$aCome far parlare la Bibbia :$b[parte 2.] /$cFranco Giacobini, Angela Goodwin. 260 $aRoma :$bSocietà biblica britannica & forestiera,$ccopyr. 1996. 260 $a[Roma] :$bSIAE,$ccopyr. 1996. 300 $aDolby, stereo. 500 $aCOLLOCAZIONE IN UFFICIO. 700 1 $aGoodwin, Angela.$0(OLS)http://semarc/name/7733 773 0 $aGassman, Vittorio <1922-2000>$tDire la Parola.$dRoma : Società biblica britannica & forestiera, copyr. 1996.$z88-237-8025-X$g[Audiocassetta]2$w()16809 850 $aSeMil 852 $aSeMil$W1$xVenegono$y1$mSL1.R VII 100/2 AC$j107461$qCOLLOCAZIONE IN UFFICIO$B107461$CSeMilBibl$Z2$F116937 $8B 961 $aOmaggio: Bressan don Luca 996 $6245$aCome far parlare la Bibbia :$b[parte 2.]$9(OLS)http://semarc/title/227973 996 $6260$a[Roma] :$bSIAE$9(OLS)http://semarc/publisher/44534 996 $6260$aRoma :$bSocietà biblica britannica & forestiera$9(OLS)http://semarc/publisher/34498 LEADER 01232nam a2200241 i 4500 001 000000162831 003 CaOOAMICUS 005 20070710000000.0 008 070710s1972 it u000 u ita u 013 $a140195 040 $aSeMil$bita 100 1 $aZambernardi, Giuseppe .$0(OLS)http://semarc/name/93580 245 10$aQuasi mille anni dopo Vallombrosa a Firenze :$bovvero uno splendido Centenario : conferenza tenuta nella Sala del Duecento di Palazzo Vecchio a Firenze, 1. marzo 1972 /$cGiuseppe Zambernardi. 260 $a[Firenze :$bs.n.],$c1972$e(Firenze :$fTip. Istituto Gualandi,$g1972) 300 $a37 p. ;$c24 cm. 500 $aFondo Card. Giovanni Colombo. 650 4$aReggello - Abbazia di Vallombrosa.$0(OLS)http://semarc/subject/5051 850 $aSeMil 852 $aSeMil$W1$xVenegono$y1$m5C IX 3/20$j114156$B114156$CSeMilBibl$Z2$F126157 $81 941 1 $a3 961 $aLascito: Colombo Card. Giovanni 996 $6245$aQuasi mille anni dopo Vallombrosa a Firenze :$bovvero uno splendido Centenario : conferenza tenuta nella Sala del Duecento di Palazzo Vecchio a Firenze, 1. marzo 1972$9(OLS)http://semarc/title/232302 996 $6260$a[Firenze :$bs.n.]$9(OLS)http://semarc/publisher/48457